[Event "St Petersburg Korchnoi Memorial op"]
[Site "St Petersburg"]
[Date "2018.08.22"]
[Round "8"]
[White "Kozubov, Mikhail"]
[Black "Zakrytyi, Andrey"]
[Result "1-0"]
[WhiteElo "1720"]
[BlackElo "1521"]
[PlyCount "87"]
[EventDate "2018.08.15"]
[EventType "swiss"]
[EventRounds "9"]
[EventCountry "RUS"]
[SourceTitle "CBM 186 Extra"]
[Source "ChessBase"]
[SourceDate "2018.08.24"]
[SourceVersion "1"]
[SourceVersionDate "2018.08.24"]
[SourceQuality "1"]

1. c4 Nf6 2. Nc3 g6 3. g3 Bg7 4. Bg2 0-0 5. e4 d6 6. d3 e5 7. Nge2 Nc6 8. 0-0 Nh5 9. f4 f5 10. Be3 Bd7 11. h3 exf4 12. gxf4 Qc8 13. Kh2 Ne7 14. Qb3 Kh8 15. e5 dxe5 16. Bxb7 Qd8 17. Bxa8 Qxa8 18. Qa3 Bf6 19. d4 exf4 20. Nxf4 Nxf4 21. Bxf4 Nc6 22. d5 Ne5 23. Qc5 Re8 24. Rad1 g5 25. Bxe5 Bxe5+ 26. Kh1 Qb7 27. Qf2 Qa6 28. c5 Qh6 29. Kg2 f4 30. Rh1 Bf5 31. Rde1 Qg6 32. Rxe5 Rxe5 33. Qd4 Qg7 34. Rd1 Kg8 35. d6 cxd6 36. cxd6 Qb7+ 37. Kh2 Re3 38. Nd5 Rxh3+ 39. Kg1 Rg3+ 40. Kf2 Bh3 41. d7 Rg2+ 42. Ke1 Rg1+ 43. Qxg1 Bxd7 44. Nf6+ 1-0

[Event "St Petersburg Korchnoi Memorial op"]
[Site "St Petersburg"]
[Date "2018.08.21"]
[Round "7"]
[White "Chistyakova, Daria"]
[Black "Zakrytyi, Andrey"]
[Result "1-0"]
[WhiteElo "1845"]
[BlackElo "1521"]
[PlyCount "77"]
[EventDate "2018.08.15"]
[EventType "swiss"]
[EventRounds "9"]
[EventCountry "RUS"]
[SourceTitle "CBM 186 Extra"]
[Source "ChessBase"]
[SourceDate "2018.08.24"]
[SourceVersion "1"]
[SourceVersionDate "2018.08.24"]
[SourceQuality "1"]

1. e4 d5 2. e5 c5 3. c3 Bf5 4. d4 e6 5. Nf3 Nc6 6. Be2 cxd4 7. Nxd4 Nxd4 8. cxd4 Ne7 9. 0-0 Nc6 10. Be3 Be7 11. Nc3 a6 12. Bd3 Bg6 13. f4 Qd7 14. a3 Na5 15. g4 Nc4 16. Bc1 f5 17. gxf5 Bxf5 18. b3 Na5 19. Bxf5 exf5 20. Na4 Qb5 21. Rb1 Rc8 22. b4 Nc4 23. Nc5 Rc6 24. Kh1 Bxc5 25. dxc5 Rxc5 26. bxc5 Qxb1 27. Re1 g6 28. Qxd5 Ne3 29. Qf3 Nc4 30. c6 b5 31. c7 Kd7 32. Qd5+ Kxc7 33. e6 Nb6 34. Qe5+ Kc6 35. Qxh8 Qd3 36. Qb2 Nd5 37. Qg2 Qc3 38. Bd2 Qxa3 39. e7 1-0

[Event "St Petersburg Korchnoi Memorial op"]
[Site "St Petersburg"]
[Date "2018.08.18"]
[Round "4"]
[White "Ponomarev, Vsevolod"]
[Black "Zakrytyi, Andrey"]
[Result "1-0"]
[WhiteElo "1744"]
[BlackElo "1521"]
[PlyCount "47"]
[EventDate "2018.08.15"]
[EventType "swiss"]
[EventRounds "9"]
[EventCountry "RUS"]
[SourceTitle "CBM 186 Extra"]
[Source "ChessBase"]
[SourceDate "2018.08.24"]
[SourceVersion "1"]
[SourceVersionDate "2018.08.24"]
[SourceQuality "1"]

1. e4 d5 2. exd5 Qxd5 3. Nc3 Qa5 4. d4 c6 5. Nf3 Nf6 6. Bd2 Bg4 7. Bc4 e6 8. Qe2 Nbd7 9. 0-0-0 Qc7 10. h3 Bxf3 11. Qxf3 Be7 12. g4 0-0 13. h4 b5 14. Bd3 a5 15. g5 Nd5 16. Qe4 g6 17. h5 Nxc3 18. bxc3 Ba3+ 19. Kb1 Rfe8 20. hxg6 hxg6 21. Bf4 Bd6 22. Bxd6 Qxd6 23. Qf3 Kg7 24. Rh7+ 1-0

[Event "St Petersburg Korchnoi Memorial op"]
[Site "St Petersburg"]
[Date "2018.08.16"]
[Round "2"]
[White "Golovkina, Anastasia"]
[Black "Zakrytyi, Andrey"]
[Result "1-0"]
[WhiteElo "1933"]
[BlackElo "1521"]
[PlyCount "81"]
[EventDate "2018.08.15"]
[EventType "swiss"]
[EventRounds "9"]
[EventCountry "RUS"]
[SourceTitle "CBM 186 Extra"]
[Source "ChessBase"]
[SourceDate "2018.08.24"]
[SourceVersion "1"]
[SourceVersionDate "2018.08.24"]
[SourceQuality "1"]

1. e4 d5 2. exd5 Qxd5 3. Nc3 Qa5 4. d4 c6 5. Nf3 Bg4 6. h3 Bxf3 7. Qxf3 Nf6 8. Bd2 Nbd7 9. 0-0-0 e6 10. Kb1 Be7 11. Bc4 Qc7 12. g4 Nb6 13. Bd3 Nfd5 14. Ne4 e5 15. dxe5 Qxe5 16. Rhe1 Na4 17. c3 Qc7 18. Bc2 b5 19. Ng5 0-0-0 20. Nxf7 Rhf8 21. Bf5+ Kb7 22. Nxd8+ Bxd8 23. Qg3 Qb6 24. Qd6 Rf7 25. Re8 Rxf5 26. gxf5 Bc7 27. Qd7 Qxf2 28. Qc8+ Kb6 29. Qe6 Kb7 30. Qe2 Qxf5+ 31. Ka1 Qxh3 32. c4 bxc4 33. Qxc4 Ndb6 34. Qc2 Qh5 35. Re7 Qb5 36. Bf4 Nd5 37. Rxd5 Qxd5 38. Rxc7+ Kb6 39. Qb3+ Qxb3 40. axb3 Nc5 41. Rxg7 1-0